Normal view MARC view

Entry Personal Name

Number of records used in: 2

001 - CONTROL NUMBER

  • control field: 33762

003 - CONTROL NUMBER IDENTIFIER

  • control field: dpl

005 - DATE AND TIME OF LATEST TRANSACTION

  • control field: 20110826124658.0

008 - FIXED-LENGTH DATA ELEMENTS

  • fixed length control field: 110826|||a|||||| | ||| d

040 ## - CATALOGING SOURCE

  • Original cataloging agency: dpl
  • Transcribing agency: dpl

100 ## - HEADING--PERSONAL NAME

  • Personal name: कुलश्रेष्ठ, रजनी

670 ## - SOURCE DATA FOUND

  • Source citation: Work cat.: (dpl): कुलश्रेष्ठ, रजनी , न्याय दया का दानी /, 2008

670 ## - SOURCE DATA FOUND

  • Source citation: Work cat.: (dpl): कुलश्रेष्ठ, रजनी , न्याय दया का दानी /, 2008

© Delhi Public Library
Hit Counter
free hit counter